| 000 | 00361nam a2200097Ia 4500 | ||
|---|---|---|---|
| 008 | 160725s9999 xx 000 0 und d | ||
| 100 | _aValencia, Mona Liza N. | ||
| 245 | _aTracer study of Bachelor of Elementary Education major in Special Education graduates of SISC. | ||
| 260 |
_bKaizen Research Journal College of Education _cJanuary 2014 |
||
| 650 | _aEDUCATION | ||
| 999 |
_c298006 _d298006 |
||